00315nam a2200133Ia 4500008004100000020001500041041001200056082001600068100001800084245001600102260003700118300000800155650001800163221030s9999 xx 000 0 und d a8176296880 aEnglish a105.23bMay aM. M. Maymand 0aE- Commerce bDeep & Deep PubaNew Delhic2005 a294 aMBA Computers